[Event "NCA-ch Fase 2"]
[Site "Managua"]
[Date "2022.01.30"]
[Round "5"]
[White "Mayorga Bohorquez, David Antonio"]
[Black "Martinez Gutierrez, Camila Renata"]
[Result "1-0"]
[WhiteElo "1474"]
[BlackElo "1276"]
[PlyCount "123"]
[EventDate "2022.01.22"]
[EventType "swiss"]
[EventRounds "9"]
[EventCountry "NCA"]
[SourceTitle "CBM 207 Extra"]
[Source "ChessBase"]
[SourceDate "2022.05.31"]
[SourceVersion "1"]
[SourceVersionDate "2022.05.31"]
[SourceQuality "1"]

1. e4 e6 2. d3 d5 3. Nd2 c5 4. c3 Bd6 5. Be2 Ne7 6. Ngf3 Nbc6 7. Qc2 b6 8. h3 Ng6 9. g3 Bb7 10. Rg1 Nge5 11. Nh2 d4 12. a3 a5 13. Rb1 Ba6 14. c4 b5 15. f4 Ng6 16. e5 Be7 17. Bf3 Qc7 18. b3 Rb8 19. Ne4 bxc4 20. bxc4 Rxb1 21. Qxb1 0-0 22. Bd2 f5 23. Nf2 Rb8 24. Qc2 Bb7 25. Ke2 Ba8 26. Rb1 Rxb1 27. Qxb1 Ngxe5 28. Bg2 Ng6 29. Qb5 Na7 30. Qe8+ Nf8 31. Qxa8 Kf7 32. Qb7 Qxb7 33. Bxb7 Bd8 34. Nf3 Nd7 35. Nd1 Kf6 36. h4 Bc7 37. Nb2 Nb8 38. Ne5 Ke7 39. Na4 Nd7 40. Nxd7 Kxd7 41. Nxc5+ Kd6 42. Na4 Nc6 43. c5+ Kd7 44. Nb6+ Bxb6 45. cxb6 a4 46. Ba6 e5 47. Bb5 Kd6 48. Bxa4 Nd8 49. fxe5+ Kxe5 50. Bf4+ Ke6 51. Bb5 h6 52. a4 Ke7 53. a5 Kf7 54. a6 Ne6 55. Bc4 Ke7 56. Bxe6 Kxe6 57. b7 Kf6 58. b8Q g5 59. Qd6+ Kg7 60. Be5+ Kf7 61. Qd7+ Kg8 62. Qg7# 1-0

[Event "NCA-ch Fase 2"]
[Site "Managua"]
[Date "2022.01.23"]
[Round "3"]
[White "Mayorga Bohorquez, David Antonio"]
[Black "Lopez Lopez, Manuel"]
[Result "0-1"]
[WhiteElo "1474"]
[BlackElo "1396"]
[PlyCount "94"]
[EventDate "2022.01.22"]
[EventType "swiss"]
[EventRounds "9"]
[EventCountry "NCA"]
[SourceTitle "CBM 207 Extra"]
[Source "ChessBase"]
[SourceDate "2022.05.31"]
[SourceVersion "1"]
[SourceVersionDate "2022.05.31"]
[SourceQuality "1"]

1. e4 e5 2. d3 Nf6 3. Be2 a6 4. Nd2 Bc5 5. h3 Nc6 6. c3 d6 7. Ngf3 0-0 8. g4 h6 9. Rg1 Nh7 10. Nf1 d5 11. Qc2 d4 12. Ng3 Ng5 13. Nxg5 hxg5 14. Bd2 Qf6 15. c4 Qh6 16. Rh1 Qg6 17. a3 f6 18. Nf5 Bxf5 19. gxf5 Qh7 20. Qd1 g6 21. Bg4 Ne7 22. b4 gxf5 23. exf5 Ba7 24. Qf3 c6 25. Ke2 Bb8 26. Qe4 Kf7 27. a4 Bc7 28. b5 axb5 29. axb5 Bd6 30. Rhc1 Rfe8 31. c5 Rxa1 32. cxd6 Rxc1 33. Bxc1 Nd5 34. Kf1 Ra8 35. Bb2 Ra4 36. Qf3 Ke8 37. Qd1 Rb4 38. Qa1 Rxb5 39. Qa8+ Kd7 40. Bc1 Rb1 41. Kg2 Kxd6 42. Ba3+ Kc7 43. Qf8 Qd7 44. Qa8 Nf4+ 45. Kh2 Qd5 46. Bf3 Qxf3 47. Qa5+ Kd7 0-1

[Event "NCA-chT 1st Stage"]
[Site "Managua"]
[Date "2021.09.25"]
[Round "1.3"]
[White "Berrios Vanegas, Yanko Antonio"]
[Black "Mayorga Bohorquez, David Antonio"]
[Result "1-0"]
[WhiteElo "1424"]
[BlackElo "1569"]
[PlyCount "127"]
[EventDate "2021.09.25"]
[EventType "team-swiss"]
[EventRounds "9"]
[EventCountry "NCA"]
[SourceTitle "EXT 2023"]
[Source "ChessBase"]
[SourceDate "2022.10.05"]
[SourceVersion "1"]
[SourceVersionDate "2022.10.05"]
[SourceQuality "1"]
[WhiteTeam "Torre Fuerte"]
[BlackTeam "Centro America"]
[WhiteTeamCountry "NCA"]
[BlackTeamCountry "NCA"]

1. e4 e5 2. Nf3 d6 3. Nc3 c6 4. h3 Nd7 5. d4 Qc7 6. dxe5 dxe5 7. Bc4 h6 8. Be3 Ngf6 9. a3 Be7 10. Qd2 b5 11. Bd3 Nf8 12. 0-0 Bd7 13. Rad1 Ne6 14. Ne2 g5 15. Ng3 Nf4 16. Bxf4 gxf4 17. Nf5 Bxf5 18. exf5 e4 19. Bxe4 Nxe4 20. Qd4 Nf6 21. Rfe1 0-0 22. Ne5 Nd5 23. c4 bxc4 24. Qxc4 Rac8 25. Rd3 Bf6 26. Ng4 Kg7 27. Nxf6 Nxf6 28. Qc3 Rfe8 29. Red1 Qe5 30. Qc2 Qxf5 31. Rg3+ fxg3 32. Qxf5 gxf2+ 33. Qxf2 Re6 34. Re1 Rce8 35. Rf1 R8e7 36. Qg3+ Kh7 37. Qc3 Nd5 38. Qd3+ Kg7 39. a4 Rg6 40. b4 Re3 41. Qd4+ Kg8 42. Qxa7 Rg7 43. Qa8+ Kh7 44. Qxc6 Nxb4 45. Qc5 Reg3 46. Qxb4 Rxg2+ 47. Kh1 R2g3 48. Qb1+ Kg8 49. Qf5 R3g5 50. Qc8+ Kh7 51. h4 Rg4 52. Rf2 Rg1+ 53. Kh2 R1g4 54. Qf5+ Kg8 55. Qf6 R4g6 56. Qd8+ Kh7 57. a5 h5 58. Ra2 Rg4 59. a6 R7g6 60. a7 f6 61. Qe7+ Kh6 62. Qf8+ Kh7 63. Qf7+ Kh6 64. Qxg6+ 1-0

[Event "NCA-ch op"]
[Site "Managua"]
[Date "2021.09.11"]
[Round "7"]
[White "Olivares, Odell"]
[Black "Mayorga Bohorquez, David Antonio"]
[Result "0-1"]
[WhiteElo "1614"]
[BlackElo "1569"]
[PlyCount "122"]
[EventDate "2021.08.28"]
[EventType "swiss"]
[EventRounds "9"]
[EventCountry "NCA"]
[SourceTitle "EXT 2023"]
[Source "ChessBase"]
[SourceDate "2022.10.05"]
[SourceVersion "1"]
[SourceVersionDate "2022.10.05"]
[SourceQuality "1"]

1. d4 d6 2. Bf4 c6 3. Nc3 Nd7 4. e4 e5 5. Be3 Qc7 6. a4 h6 7. Bc4 Ngf6 8. f3 b6 9. Qe2 Be7 10. Nh3 g5 11. Nf2 Nf8 12. h3 Ng6 13. g3 a5 14. Ng4 Ng8 15. dxe5 dxe5 16. Bf2 Bb4 17. Ne3 Rb8 18. Nf5 N8e7 19. Nxe7 Qxe7 20. Rd1 Bd7 21. Kf1 Bxc3 22. bxc3 Qa3 23. Bxf7+ Kxf7 24. Rxd7+ Kf6 25. Qc4 Ne7 26. Kg2 b5 27. axb5 cxb5 28. Qc5 Qxc5 29. Bxc5 Rhe8 30. Rhd1 Rbc8 31. R1d6+ Kf7 32. Bb6 a4 33. Ra7 Rxc3 34. Rd2 Rec8 35. Bd8 a3 36. Rxe7+ Kf8 37. Ra7 Rxc2 38. Be7+ Kg8 39. Rxc2 Rxc2+ 40. Kf1 a2 41. Bf6 Rc1+ 42. Ke2 a1Q 43. Rxa1 Rxa1 44. Bxe5 Ra2+ 45. Ke3 b4 46. f4 Ra3+ 47. Kf2 b3 48. f5 b2 49. Bxb2 Ra2 50. e5 Rxb2+ 51. Kf3 Rb4 52. e6 Kg7 53. g4 Kf6 54. Kg3 Rb3+ 55. Kg2 Re3 56. Kh2 Ke5 57. Kg2 Kf4 58. Kf2 Re5 59. Kg2 h5 60. gxh5 Kxf5 61. Kg3 Rxe6 0-1

[Event "NCA-ch op"]
[Site "Managua"]
[Date "2021.09.05"]
[Round "5"]
[White "Mayorga Bohorquez, David Antonio"]
[Black "Ruiz Treminio, Bismark"]
[Result "1/2-1/2"]
[WhiteElo "1569"]
[BlackElo "1138"]
[PlyCount "176"]
[EventDate "2021.08.28"]
[EventType "swiss"]
[EventRounds "9"]
[EventCountry "NCA"]
[SourceTitle "EXT 2023"]
[Source "ChessBase"]
[SourceDate "2022.10.05"]
[SourceVersion "1"]
[SourceVersionDate "2022.10.05"]
[SourceQuality "1"]

1. e4 e5 2. Bc4 Bc5 3. d3 Nf6 4. Nd2 d6 5. h3 Nc6 6. c3 Be6 7. Bb5 Qd7 8. Ngf3 a6 9. Ba4 b5 10. Bc2 d5 11. Qe2 d4 12. Nf1 h6 13. Bd2 a5 14. g4 a4 15. a3 g5 16. Ng3 dxc3 17. bxc3 0-0-0 18. Be3 Bd6 19. Qd1 Na5 20. Nd2 c6 21. Bb6 Bc7 22. Bxc7 Kxc7 23. Qf3 Ne8 24. Qe3 Nd6 25. Nf3 f6 26. Rb1 Ra8 27. Nh5 Qf7 28. Nd2 Rhb8 29. Qf3 Ne8 30. 0-0 Bd7 31. Qd1 Be6 32. Rb2 Rd8 33. Qf3 Bb3 34. Rfb1 Bxc2 35. Rxc2 Nb3 36. Qe3 Nxd2 37. Rxd2 Ng7 38. Ng3 Ne6 39. Nf5 Nf4 40. Kh2 h5 41. Qc5 Rdb8 42. d4 Qc4 43. Qxc4 bxc4 44. Rxb8 Rxb8 45. dxe5 fxe5 46. gxh5 Nxh5 47. Ne3 Rb3 48. Rc2 Nf6 49. f3 Rxa3 50. Nxc4 Ra1 51. Nxe5 a3 52. Nd3 Nd7 53. Nc1 Ne5 54. Kg3 Nc4 55. Na2 Nb2 56. Nc1 c5 57. h4 gxh4+ 58. Kxh4 Nc4 59. Nb3 Rf1 60. Kg3 Nb2 61. Nxc5 Kc6 62. Nb3 Kb5 63. f4 Kc4 64. Nc1 Nd3 65. Ne2 Nb2 66. Nc1 Nd3 67. Nxd3 Kxd3 68. Ra2 Kxe4 69. Rxa3 Rf3+ 70. Kg2 Rxf4 71. Ra4+ Ke5 72. Rxf4 Kxf4 73. Kf2 Ke4 74. Ke2 Kd5 75. Kd3 Kd6 76. Kd4 Kc6 77. c4 Kd6 78. c5+ Kc6 79. Kc4 Kc7 80. Kb5 Kb7 81. c6+ Kc7 82. Kc5 Kc8 83. Kd6 Kd8 84. Kd5 Kc7 85. Kc5 Kc8 86. Kb6 Kb8 87. Ka6 Kc8 88. Kb6 Kb8 1/2-1/2

[Event "NCA-chT 1st Stage"]
[Site "Managua"]
[Date "2020.10.10"]
[Round "5.7"]
[White "Flores, Manuel"]
[Black "Mayorga Bohorquez, David Antonio"]
[Result "1-0"]
[WhiteElo "1894"]
[BlackElo "1624"]
[PlyCount "113"]
[EventDate "2020.10.03"]
[EventType "team-swiss"]
[EventRounds "9"]
[EventCountry "NCA"]
[SourceTitle "EXT 2022"]
[Source "ChessBase"]
[SourceDate "2021.10.06"]
[SourceVersion "1"]
[SourceVersionDate "2021.10.06"]
[SourceQuality "1"]

1. d4 d6 2. c4 c6 3. Nc3 Nf6 4. e4 Qc7 5. Bg5 Nbd7 6. Nf3 e5 7. Be2 Be7 8. 0-0 h6 9. Bh4 g5 10. Bg3 Nh5 11. dxe5 Nxg3 12. fxg3 dxe5 13. Qd2 Nf8 14. Rad1 Bd7 15. Ne1 Rd8 16. Bh5 Be6 17. Qf2 Ng6 18. Rxd8+ Bxd8 19. c5 Qe7 20. Nd3 Bc4 21. Rd1 b6 22. b4 0-0 23. Qf5 Be6 24. Qf2 Kg7 25. a3 g4 26. Bxg6 fxg6 27. Qe3 Qc7 28. cxb6 axb6 29. Rf1 Bg5 30. Qe2 Rxf1+ 31. Kxf1 Bc4 32. Nd1 Qa7 33. N1b2 Qf7+ 34. Kg1 Bxd3 35. Nxd3 Qe6 36. Qf2 Qc4 37. Qe2 Qd4+ 38. Kf1 h5 39. h4 Bf6 40. Qd1 Qxe4 41. Nf2 Qc4+ 42. Kg1 Qd4 43. Qc2 c5 44. bxc5 bxc5 45. Kh2 c4 46. a4 c3 47. Ne4 Bd8 48. Nxc3 Bb6 49. Ne2 Qe3 50. Qc4 e4 51. Qb5 Qc5 52. Qd7+ Kh6 53. Qe8 Qc7 54. Nf4 Qg7 55. Qxe4 Ba7 56. a5 Kh7 57. Ne6 1-0

[Event "NCA-chT 1st Stage"]
[Site "Managua"]
[Date "2020.10.03"]
[Round "1.19"]
[White "Mayorga Bohorquez, David Antonio"]
[Black "Vallecillo, Saul"]
[Result "0-1"]
[WhiteElo "1624"]
[BlackElo "1815"]
[PlyCount "84"]
[EventDate "2020.10.03"]
[EventType "team-swiss"]
[EventRounds "9"]
[EventCountry "NCA"]
[SourceTitle "EXT 2022"]
[Source "ChessBase"]
[SourceDate "2021.10.06"]
[SourceVersion "1"]
[SourceVersionDate "2021.10.06"]
[SourceQuality "1"]

1. e4 c5 2. d3 Nc6 3. c3 d5 4. Nd2 Nf6 5. Be2 e5 6. h3 Be7 7. Ngf3 0-0 8. g4 Qc7 9. Qc2 a6 10. Nf1 Rd8 11. Ng3 dxe4 12. dxe4 Be6 13. Be3 b5 14. 0-0 Rd7 15. Rfd1 Rad8 16. Rxd7 Rxd7 17. Rd1 Qd8 18. Rxd7 Qxd7 19. Ng5 Nd8 20. Nxe6 Nxe6 21. Qc1 Qc7 22. g5 Nd7 23. Nf5 Bf8 24. Bg4 c4 25. h4 Nf4 26. Qd1 Nd3 27. Qe2 N7c5 28. f3 Na4 29. h5 Naxb2 30. g6 fxg6 31. hxg6 hxg6 32. Nh4 Kf7 33. Qh2 Bc5 34. Bxc5 Qxc5+ 35. Kh1 Qd6 36. Qg1 Nd1 37. Bc8 N3f2+ 38. Kg2 Qd2 39. Kg3 Qg5+ 40. Bg4 Nxg4 41. fxg4 Qf4+ 42. Kg2 Ne3+ 0-1

[Event "NCA-ch Fiestas Patrias op"]
[Site "Managua"]
[Date "2020.09.05"]
[Round "6"]
[White "Garcia Torres, Erasmo Del Socorro"]
[Black "Mayorga Bohorquez, David Antonio"]
[Result "0-1"]
[WhiteElo "1478"]
[BlackElo "1147"]
[PlyCount "102"]
[EventDate "2020.08.29"]
[EventType "swiss"]
[EventRounds "9"]
[EventCountry "NCA"]
[SourceTitle "EXT 2022"]
[Source "ChessBase"]
[SourceDate "2021.10.06"]
[SourceVersion "1"]
[SourceVersionDate "2021.10.06"]
[SourceQuality "1"]

1. d4 d6 2. c4 e6 3. Nf3 c6 4. Nc3 h6 5. e3 Be7 6. Bd3 Nd7 7. 0-0 Qc7 8. Qc2 Ngf6 9. e4 e5 10. d5 g5 11. Re1 Nf8 12. a3 Bd7 13. b4 Ng6 14. Be3 Rg8 15. a4 c5 16. Re2 Qc8 17. Ne1 Nf4 18. Rd2 Kf8 19. Bf1 Rg6 20. Kh1 h5 21. Ne2 h4 22. Nf3 Bg4 23. Bxf4 Bxf3 24. Be3 Bxe4 25. Qb3 g4 26. Nc3 Bf5 27. Bd3 e4 28. Bf1 Nh5 29. Ne2 Bf6 30. Rad1 Bd4 31. a5 Bg7 32. Ra2 Ke7 33. Qc2 Qd7 34. Qb3 Rg8 35. Qa4 Qc8 36. Qb3 g3 37. fxg3 hxg3 38. h3 Bxh3 39. Ng1 Bg4 40. Be2 Rh8 41. Bxg4 Qxg4 42. Nh3 Nf4 43. Bxf4 Rxh3+ 44. Kg1 Qxf4 45. gxh3 Qh4 46. Rg2 Qxh3 47. Kf1 Qh1+ 48. Rg1 g2+ 49. Ke2 Qh5+ 50. Kf2 e3+ 51. Ke1 Be5 0-1